| 000 -LEADER |
| fixed length control field |
00475cam a22001577a 4500 |
| 008 - FIXED-LENGTH DATA ELEMENTS--GENERAL INFORMATION |
| fixed length control field |
180718b1998 xxu||||| |||| 00| 0 eng d |
| 020 ## - INTERNATIONAL STANDARD BOOK NUMBER |
| International Standard Book Number |
8186562486 |
| 082 ## - DEWEY DECIMAL CLASSIFICATION NUMBER |
| Classification number |
A6x54 T516/1 |
| 245 ## - TITLE STATEMENT |
| Title |
Paradoxes of partition (1937-47) |
| Statement of responsibility, etc. |
edited by S.A.I. Tirmizi |
| 260 ## - PUBLICATION, DISTRIBUTION, ETC. |
| Place of publication, distribution, etc. |
New Delhi |
| Name of publisher, distributor, etc. |
Centre for Federal Studies |
| Date of publication, distribution, etc. |
1998 |
| 300 ## - PHYSICAL DESCRIPTION |
| Extent |
1017p. |
| 500 ## - GENERAL NOTE |
| General note |
v.1 |
| 650 ## - SUBJECT ADDED ENTRY--TOPICAL TERM |
| Topical term or geographic name entry element |
Punjab - Histry - Partition, 1947 |
| 650 ## - SUBJECT ADDED ENTRY--TOPICAL TERM |
| Topical term or geographic name entry element |
India - history - Partition, 1947 |
| 700 ## - ADDED ENTRY--PERSONAL NAME |
| Personal name |
Tirmizi, S.A.I. |